000 00403pab a2200157 454500
008 180718b2005 xxu||||| |||| 00| 0 eng d
100 _aKernes, Jerry L.
245 _aPsychologists' search for the good life
260 _c2005
300 _ap.82-105.
362 _aWinter
650 _aRight to life
700 _aKinier, Richard, T.
773 _aJournal of Humanistic Psychology
909 _a65123
999 _c65123
_d65123